00210nam a2200085Ia 4500001000800000005001700008008004100025245002900066260002900095122076120250827092816.0250824s9999 xx 000 0 und d 0aMAĞARA cJOSE SARAMAGO bKIRMIZI KEDİ YAYINLARI